Pyrometry of the processes of self-propagating high-temperature synthesis; Bulletin of the Tomsk Polytechnic University; Vol. 311, № 2

Podrobná bibliografie
Parent link:Bulletin of the Tomsk Polytechnic University/ Tomsk Polytechnic University (TPU).— , 2006-2007
Vol. 311, № 2.— 2007.— [P. 125-128]
Hlavní autor: Gumirov M. A.
Shrnutí:Заглавие с титульного листа
Электронная версия печатной публикации
The developed method of luminance pyrometry used for temperature measurement in processes of self-propagating high-temperature synthesis, plasmathermal spraying of both moving and motionless media has been described. MIS photodiodes operating in direct detection mode or charge accumulation are sensitive elements of optoelectronic track of the device. Change of light signal intensity created by surface of reacting substances is recorded in two microareas. Research results of temperature, distribution speed of combustion front from time and quantitative content of titanium carbide in a batch as well as hardness of sintered samples of the Fe2O3, Al+TiC system are given
Jazyk:angličtina
Vydáno: 2007
Edice:Mathematics and mechanics.Physics
Témata:
On-line přístup:http://www.lib.tpu.ru/fulltext/v/Bulletin_TPU/2007/v311eng/i2/32.pdf
Médium: MixedMaterials Elektronický zdroj Kapitola
KOHA link:https://koha.lib.tpu.ru/cgi-bin/koha/opac-detail.pl?biblionumber=182954

MARC

LEADER 00000nla2a2200000 4500
001 182954
005 20231031171430.0
035 |a (RuTPU)RU\TPU\book\198327 
035 |a RU\TPU\book\198122 
090 |a 182954 
100 |a 20100629d2007 k y0rusy50 ca 
101 1 |a eng  |c rus 
102 |a RU 
135 |a drnn ---uucaa 
200 1 |a Pyrometry of the processes of self-propagating high-temperature synthesis  |b Electronic resource  |f M. A. Gumirov 
203 |a Text  |c electronic 
215 |a 1 файл (715 Мб) 
225 1 |a Mathematics and mechanics.Physics 
230 |a Электронные текстовые данные (1 файл : 715 Мб) 
300 |a Заглавие с титульного листа 
300 |a Электронная версия печатной публикации 
320 |a [Bibliography: p. 128 (5 titles)] 
330 |a The developed method of luminance pyrometry used for temperature measurement in processes of self-propagating high-temperature synthesis, plasmathermal spraying of both moving and motionless media has been described. MIS photodiodes operating in direct detection mode or charge accumulation are sensitive elements of optoelectronic track of the device. Change of light signal intensity created by surface of reacting substances is recorded in two microareas. Research results of temperature, distribution speed of combustion front from time and quantitative content of titanium carbide in a batch as well as hardness of sintered samples of the Fe2O3, Al+TiC system are given 
337 |a Adobe Reader 
461 1 |0 (RuTPU)RU\TPU\book\169973  |t Bulletin of the Tomsk Polytechnic University  |f Tomsk Polytechnic University (TPU)  |d 2006-2007 
463 1 |0 (RuTPU)RU\TPU\book\197892  |x 1684-8519  |t Vol. 311, № 2  |v [P. 125-128]  |d 2007  |p 153 p. 
610 1 |a Python 
610 1 |a high-temperature synthesis 
610 1 |a temperature 
610 1 |a plasmathermal spraying 
610 1 |a moving media 
610 1 |a motionless media 
610 1 |a sensitive elements 
610 1 |a optoelectronic tracks 
610 1 |a devices 
610 1 |a microareas 
610 1 |a temperature 
610 1 |a researches 
610 1 |a distribution 
610 1 |a speed 
610 1 |a combustion 
610 1 |a quantitative content 
610 1 |a titanium carbide 
610 1 |a электронный ресурс 
675 |a 519.713:007.52  |v 3 
700 1 |a Gumirov  |b M. A. 
801 1 |a RU  |b 63413507  |c 20090623  |g PSBO 
801 2 |a RU  |b 63413507  |c 20110331  |g PSBO 
856 4 |u http://www.lib.tpu.ru/fulltext/v/Bulletin_TPU/2007/v311eng/i2/32.pdf 
942 |c CF